Ensayo sobre Cioran

Sábháilte in:
Sonraí bibleagrafaíochta
Príomhchruthaitheoir: Savater, Fernando
Formáid: LEABHAR
Teanga:Undetermined
Foilsithe / Cruthaithe: Madrid, España Editorial Espasa Calpe 2002
Eagrán:2
Ábhair:
Clibeanna: Cuir clib leis
Níl clibeanna ann, Bí ar an gcéad duine le clib a chur leis an taifead seo!

MARC

LEADER 00000nam a2200000Ia 4500
008 170316s9999 xx 000 0 und d
999 |c 2146  |d 2146 
040 |a cru BVZT 
090 |a 100 S-17en 
100 |a Savater, Fernando 
245 |a Ensayo sobre Cioran  |c / Fernando Savater 
250 |a 2 
260 |a Madrid, España  |b Editorial Espasa Calpe  |c 2002 
300 |a 186 páginas 
650 |a FILOSOFÍA  |9 5 
650 |a CIORÁN 
942 |c SALA  |h 100 S-17en  |2 z